000 00329nam a22001217a 4500
008 230627b xxu||||| |||| 00| 0 eng d
020 _a9210480600
082 _a338.4
_bINC 1995
245 _aNarcotic Drugs
_bEstimated World Requirements for 1995
260 _aNew York
_bUnited Nations
_c1995
300 _aV,207p
942 _2ddc
_cBK
999 _c2805
_d2805